| 000 | 00994nam a22003137a 4500 | ||
|---|---|---|---|
| 003 | CHAP | ||
| 005 | 20220329141351.0 | ||
| 008 | 971013s r 00010 eng d | ||
| 010 | _a67122 | ||
| 011 | _a68094 | ||
| 035 | _a77566 | ||
| 040 | _cCHAP | ||
| 090 | _aB-985 | ||
| 245 | 0 | _aBibliography on tissue culture and biotechnology of chickpeas, peas, lentils and faba beans | |
| 500 | _a(ICRISAT)(1972-85) | ||
| 590 |
_aBATCH-UPD _b10 _c20130110 _lUCH01 _h0320 |
||
| 590 |
_aBATCH-UPD _b10 _c20130110 _lUCH01 _h2033 |
||
| 590 |
_aBATCH-UPD _b10 _c20130409 _lUCH01 _h2354 |
||
| 590 |
_aBATCH-UPD _b10 _c20130914 _lUCH01 _h0928 |
||
| 590 |
_aCONVERSION _b10 _c20130109 _lUCH01 _h1337 |
||
| 650 | 1 | 4 |
_aChícharo _xPropagación. _922838 |
| 650 | 1 | 4 |
_aCultivo de tejidos. _930213 |
| 650 | 1 | 4 |
_aGarbanzo _xPropagación. _945629 |
| 650 | 1 | 4 |
_aHaba _xPropagación. _952120 |
| 650 | 1 | 4 |
_aLenteja _xPropagación. _966033 |
| 901 | _aBK | ||
| 942 | _cLIBRO | ||
| 949 |
_aB-985 _bBC _cBIB _d-30436 _eBIB _i77566 _si |
||
| 999 |
_c67122 _d67122 |
||